1 & 2 Thessalonians : (Record no. 4227)

MARC details
000 -LEADER
fixed length control field 00729cam a2200241 i 4500
001 - CONTROL NUMBER
control field 1794135
003 - CONTROL NUMBER IDENTIFIER
control field GBCCL
005 - DATE AND TIME OF LATEST TRANSACTION
control field 20241126110514.0
008 - FIXED-LENGTH DATA ELEMENTS--GENERAL INFORMATION
fixed length control field 800425s1979 ilu b 000 0 eng
010 ## -
-- 78068909
020 ## - INTERNATIONAL STANDARD BOOK NUMBER
International Standard Book Number 084237051X :
Terms of availability $4.95.
040 ## - CATALOGING SOURCE
Original cataloging agency DLC
Transcribing agency DLC
Modifying agency DLC
050 00 -
-- BS2725.3
-- .D7
082 00 - DEWEY DECIMAL CLASSIFICATION NUMBER
Classification number 227.8107
Item number DRA
100 1# - MAIN ENTRY--PERSONAL NAME
Personal name Draper, James T.
9 (RLIN) 1008
245 10 - TITLE STATEMENT
Title 1 & 2 Thessalonians :
Remainder of title the hope of a waiting church /
Statement of responsibility, etc. James T. Draper, Jr.
260 ## - PUBLICATION, DISTRIBUTION, ETC.
Place of publication, distribution, etc. Wheaton, Ill. :
Name of publisher, distributor, etc. Tyndale House,
Date of publication, distribution, etc. [1979]
300 ## - PHYSICAL DESCRIPTION
Extent 257 p. ;
Dimensions 21 cm.
504 ## - BIBLIOGRAPHY, ETC. NOTE
Bibliography, etc. note Bibliography: p. 257.
630 00 - SUBJECT ADDED ENTRY--UNIFORM TITLE
Uniform title Bible.
Name of part/section of a work Thessalonians
General subdivision Commentaries.
9 (RLIN) 863
906 ## - LOCAL DATA ELEMENT F, LDF (RLIN)
a 7
b cbc
c orignew
d 2
e opcn
f 19
g y-gencatlg
942 ## - ADDED ENTRY ELEMENTS (KOHA)
Source of classification or shelving scheme Dewey Decimal Classification
Koha item type Books
Koha issues (borrowed), all copies 7
Holdings
Withdrawn status Lost status Source of classification or shelving scheme Damaged status Not for loan Home library Current Library Shelving location Date acquired Total checkouts Full call number Barcode Date last seen Date last checked out Copy number Price effective from Koha item type
    Dewey Decimal Classification     GRACE BIBLE COLLEGE GRACE BIBLE COLLEGE Biblical Studies 2018-01-17 7 227.8107 DRA 009348 2025-05-01 2023-08-24 c.1 2018-01-17 Books
© Grace Bible College Library 2025